| 000 | 004670000a22001810004500 | ||
|---|---|---|---|
| 003 | MACL | ||
| 005 | 20150812135122.0 | ||
| 008 | 150812b xxu||||| |||| 00| 0 eng d | ||
| 040 |
_aMACL _cMACL |
||
| 041 | _aEnglish | ||
| 082 | _a370/JAC | ||
| 100 |
_aJacob, K.K. _94991 |
||
| 245 |
_aSocial Work Education In India _bRetrospect And Prospect |
||
| 260 |
_aDelhi _bHimanshu Publications _c1994 |
||
| 350 | _a325 | ||
| 650 |
_aEducation _94992 |
||
| 942 |
_cBK _k370 _2ddc |
||
| 999 |
_c2608 _d2608 |
||